2025-26 Premier League First XI - Statistics

General Stats
  • This quiz has been taken 34 times
  • The average score is 108 of 220
Answer Stats
% Correct
GK Flag_of_Portugal.svg Jose Sa
100%
MF Flag_of_Argentina.svg Alexis Mac Allister
96%
GK Flag_of_Brazil.svg Alisson Becker
96%
MF Flag_of_Portugal.svg Bruno Fernandes
96%
GK Flag_of_Spain.svg David Raya
96%
MF Flag_of_Norway.svg Martin Odegaard
96%
DF Flag_of_the_Netherlands.svg Virgil Van Dijk
96%
MF Flag_of_Portugal.svg Bernardo Silva
92%
FW Flag_of_England.svg Bukayo Saka
92%
MF Flag_of_England.svg Cole Palmer
92%
FW Flag_of_Norway.svg Erling Haaland
92%
DF Flag_of_Brazil.svg Gabriel Magalhaes
92%
FW Flag_of_Egypt.svg Mohamed Salah
92%
MF Flag_of_Ecuador.svg Moises Caicedo
92%
DF Flag_of_Italy.svg Riccardo Calafiori
92%
DF Flag_of_France.svg William Saliba
92%
FW Flag_of_the_Netherlands.svg Cody Gakpo
88%
MF Flag_of_England.svg Declan Rice
88%
MF Flag_of_Argentina.svg Enzo Fernandez
88%
FW Flag_of_Brazil.svg Gabriel Martinelli
88%
MF Flag_of_England.svg Morgan Gibbs-White
88%
FW Flag_of_England.svg Ollie Watkins
88%
GK Flag_of_Spain.svg Robert Sanchez
88%
FW Flag_of_Sweden.svg Viktor Gyökeres
88%
MF Flag_of_Belgium_%28civil%29.svg Youri Tielemans
88%
DF Flag_of_England.svg Ben White
84%
FW Flag_of_New_Zealand.svg Chris Wood
84%
MF Flag_of_Germany.svg Florian Wirtz
84%
MF Civil_Ensign_of_Switzerland_%28Pantone%29.svg Granit Xhaka
84%
GK Flag_of_Italy.svg Guglielmo Vicario
84%
FW Flag_of_France.svg Jean-Phillipe Mateta
84%
FW Flag_of_Brazil.svg João Pedro
84%
DF Flag_of_Spain.svg Marc Cucurella
84%
FW Flag_of_Portugal.svg Pedro Neto
84%
FW Flag_of_Brazil.svg Richarlison
84%
DF Flag_of_Portugal.svg Ruben Dias
84%
DF Flag_of_Argentina.svg Cristian Romero
80%
MF Flag_of_Hungary.svg Dominik Szoboszlai
80%
FW Flag_of_France.svg Hugo Ekitiké
80%
DF Flag_of_France.svg Ibrahima Konate
80%
DF Flag_of_the_Netherlands.svg Jeremie Frimpong
80%
DF Flag_of_England.svg John Stones
80%
GK Flag_of_England.svg Jordan Pickford
80%
DF Flag_of_Poland.svg Matty Cash
80%
DF Flag_of_Hungary.svg Milos Kerkez
80%
GK Flag_of_England.svg Nick Pope
80%
GK Flag_of_Germany.svg Bernd Leno
76%
FW Flag_of_Cameroon.svg Bryan Mbeumo
76%
GK Flag_of_England.svg James Trafford
76%
DF Flag_of_the_Netherlands.svg Micky van de Ven
76%
MF Flag_of_Italy.svg Sandro Tonali
76%
GK Flag_of_England.svg Dean Henderson
72%
WB Flag_of_Portugal.svg Diogo Dalot
72%
MF Flag_of_Scotland.svg John McGinn
72%
FW Flag_of_Japan.svg Kaoru Mitoma
72%
MF Flag_of_Spain.svg Martín Zubimendi
72%
FW Flag_of_Brazil.svg Matheus Cunha
72%
DF Flag_of_the_Netherlands.svg Matthijs de Ligt
72%
DF Flag_of_Spain.svg Pedro Porro
72%
DF Flag_of_England.svg Reece James
72%
GK Flag_of_Turkey.svg Altay Bayindir
68%
MF Flag_of_Belgium_%28civil%29.svg Amadou Onana
68%
MF Flag_of_Brazil.svg Casemiro
68%
FW Flag_of_Wales.svg Daniel James
68%
DF Flag_of_France.svg Lucas Digne
68%
MF Flag_of_England.svg Morgan Rogers
68%
DF Flag_of_Algeria.svg Rayan Aït-Nouri
68%
DF Flag_of_England.svg Trevoh Chalobah
68%
MF Flag_of_Ghana.svg Antoine Semenyo
64%
MF Flag_of_Brazil.svg Bruno Guimaraes
64%
DF Flag_of_England.svg Dan Burn
64%
DF Flag_of_England.svg Ezri Konsa
64%
FW Flag_of_Brazil.svg Igor Thiago
64%
FW Flag_of_Senegal.svg Ismaïla Sarr
64%
DF Flag_of_England.svg Marc Guehi
64%
GK Flag_of_Belgium_%28civil%29.svg Matz Sels
64%
FW Flag_of_Norway.svg Oscar Bobb
64%
MF Flag_of_Senegal.svg Pape Sarr
64%
FW Flag_of_Mexico.svg Raul Jimenez
64%
FW Flag_of_England.svg Anthony Gordon
60%
GK Flag_of_the_Netherlands.svg Bart Verbruggen
60%
MF Flag_of_Senegal.svg Idrissa Gueye
60%
MF Flag_of_Belgium_%28civil%29.svg Jeremy Doku
60%
MF Flag_of_Brazil.svg Joelinton
60%
FW Flag_of_Germany.svg Niclas Füllkrug
60%
DF Flag_of_the_Netherlands.svg Sepp van den Berg
60%
MF Flag_of_the_Netherlands.svg Tijjani Reijnders
60%
DF Flag_of_England.svg Tyrone Mings
60%
MF Flag_of_England.svg Adam Wharton
56%
FW Flag_of_Sweden.svg Anthony Elanga
56%
FW Flag_of_Wales.svg Brennan Johnson
56%
GK Flag_of_Ireland.svg Caoimhín Kelleher
56%
DF Civil_Ensign_of_Switzerland_%28Pantone%29.svg Fabian Schar
56%
DF Flag_of_England.svg James Tarkowski
56%
DF Flag_of_France.svg Leny Yoro
56%
DF Flag_of_England.svg Luke Shaw
56%
FW Flag_of_Ghana.svg Mohammed Kudus
56%
MF Flag_of_Spain.svg Nico González
56%
DF Flag_of_England.svg Rico Lewis
56%
FW Flag_of_England.svg Eberechi Eze
52%
FW Flag_of_Wales.svg Harry Wilson
52%
DF Flag_of_Brazil.svg Murillo
52%
DF Flag_of_Serbia.svg Nikola Milenkovic
52%
FW Flag_of_Nigeria.svg Alex Iwobi
48%
MF Flag_of_France.svg Boubacar Kamara
48%
MF Flag_of_England.svg Kiernan Dewsbury-Hall
48%
DF Flag_of_England.svg Kyle Walker
48%
GK Flag_of_Slovakia.svg Martin Dúbravka
48%
FW Flag_of_England.svg Mason Mount
48%
DF Flag_of_England.svg Michael Keane
48%
WB Flag_of_Denmark.svg Patrick Dorgu
48%
MF Flag_of_Germany.svg Anton Stach
44%
FW Flag_of_Guinea-Bissau.svg Beto
44%
DF Flag_of_the_United_States.svg Chris Richards
44%
WB Flag_of_Colombia.svg Daniel Munoz
44%
GK Flag_of_Serbia.svg Djordje Petrovic
44%
MF Flag_of_England.svg Elliot Anderson
44%
FW Flag_of_England.svg Jarrod Bowen
44%
DF Flag_of_England.svg Kieran Trippier
44%
GK Flag_of_Denmark.svg Mads Hermansen
44%
DF Flag_of_Wales.svg Neco Williams
44%
MF Flag_of_Serbia.svg Sasa Lukic
44%
FW Flag_of_Italy.svg Wilfried Gnonto
44%
MF Flag_of_England.svg Alex Scott
40%
FW Civil_Ensign_of_Switzerland_%28Pantone%29.svg Dan Ndoye
40%
DF Flag_of_England.svg Lewis Dunk
40%
MF Flag_of_Sweden.svg Lucas Bergvall
40%
MF Flag_of_Brazil.svg Lucas Paqueta
40%
DF Flag_of_France.svg Maxence Lacroix
40%
MF Flag_of_the_United_States.svg Tyler Adams
40%
DF Flag_of_England.svg Adam Smith
36%
DF Flag_of_England.svg Djed Spence
36%
FW Flag_of_Brazil.svg Evanilson
36%
FW Flag_of_England.svg Harvey Barnes
36%
DF Flag_of_Argentina.svg Marcos Senesi
36%
DF Flag_of_England.svg Tino Livramento
36%
WB Flag_of_England.svg Tyrick Mitchell
36%
DF Flag_of_France.svg Adrien Truffert
32%
DF Flag_of_Nigeria.svg Calvin Bassey
32%
DF Flag_of_Northern_Ireland_%281924%E2%80%931953%29.svg Dan Ballard
32%
FW Flag_of_Senegal.svg Iliman Ndiaye
32%
DF Flag_of_England.svg James Garner
32%
DF Flag_of_Denmark.svg Joachim Andersen
32%
MF Flag_of_Brazil.svg João Gomes
32%
FW Flag_of_Norway.svg Jorgen Strand Larsen
32%
MF Flag_of_Denmark.svg Mathias Jensen
32%
DF Flag_of_Belgium_%28civil%29.svg Maxim De Cuyper
32%
DF Flag_of_Ireland.svg Nathan Collins
32%
DF Flag_of_Nigeria.svg Ola Aina
32%
GK Flag_of_the_Netherlands.svg Robin Roefs
32%
MF Flag_of_Norway.svg Sander Berge
32%
DF Flag_of_Portugal.svg Toti Gomes
32%
MF Flag_of_England.svg Will Hughes
32%
MF Flag_of_Sweden.svg Yasin Ayari
32%
MF Flag_of_England.svg Archie Gray
28%
MF Flag_of_Cameroon.svg Carlos Baleba
28%
WB Flag_of_Senegal.svg El Hadji Malick Diouf
28%
FW Flag_of_France.svg Georginio Rutter
28%
MF Flag_of_Ivory_Coast_%28WFB_2000%29.svg Ibrahim Sangare
28%
DF Flag_of_Ireland.svg Jake O'Brien
28%
FW Flag_of_England.svg Jamie Gittens
28%
DF Flag_of_the_Netherlands.svg Jan Paul Van Hecke
28%
GK Flag_of_the_Netherlands.svg Marco Bizot
28%
DF Flag_of_France.svg Maxime Estève
28%
DF Flag_of_England.svg Max Kilman
28%
DF Flag_of_Morocco.svg Nayef Aguerd
28%
WB Flag_of_the_Democratic_Republic_of_the_Congo.svg Aaron Wan-Bissaka
24%
MF Flag_of_Japan.svg Ao Tanaka
24%
FW Flag_of_England.svg Callum Hudson-Odoi
24%
MF Flag_of_Wales.svg David Brooks
24%
MF Flag_of_Wales.svg Ethan Ampadu
24%
FW Flag_of_Portugal.svg Fábio Carvalho
24%
MF Flag_of_England.svg James Ward-Prowse
24%
DF Flag_of_France.svg Jean-Clair Todibo
24%
DF Flag_of_Wales.svg Joe Rodon
24%
DF Flag_of_the_Netherlands.svg Kenny Tete
24%
FW Flag_of_South_Africa.svg Lyle Foster
24%
FW Flag_of_The_Gambia.svg Yankuba Minteh
24%
MF Flag_of_Brazil.svg André
20%
FW Flag_of_Morocco.svg Chemsdine Talbi
20%
MF Flag_of_Senegal.svg Habib Diarra
20%
MF Flag_of_Tunisia.svg Hannibal Mejbri
20%
FW Flag_of_Suriname.svg Joël Piroe
20%
GK Flag_of_Brazil.svg Lucas Perri
20%
DF Flag_of_Ireland.svg Matt Doherty
20%
DF Flag_of_Italy.svg Michael Kayode
20%
DF Flag_of_France.svg Bafodé Diakité
16%
FW Flag_of_Argentina.svg Charly Alcaraz
16%
FW Flag_of_Spain.svg Eliezer Mayenda
16%
DF Flag_of_C%C3%B4te_d%27Ivoire.svg Emmanuel Agbadou
16%
MF Flag_of_Argentina.svg Guido Rodríguez
16%
FW Flag_of_France.svg Jean-Ricner Bellegarde
16%
DF Flag_of_England.svg Josh Acheampong
16%
FW Flag_of_England.svg Keane Lewis-Potter
16%
MF Flag_of_England.svg Marcus Tavernier
16%
MF Flag_of_the_Democratic_Republic_of_the_Congo.svg Noah Sadiki
16%
DF Flag_of_the_Netherlands.svg Pascal Struijk
16%
DF Flag_of_Mozambique.svg Reinildo Mandava
16%
FW Flag_of_C%C3%B4te_d%27Ivoire.svg Simon Adingra
16%
DF Flag_of_Northern_Ireland_%281924%E2%80%931953%29.svg Trai Hume
16%
DF Flag_of_Sweden.svg Gabriel Gudmundsson
12%
DF Flag_of_England.svg Jayden Bogle
12%
DF Flag_of_Spain.svg Jorge Cuenca
12%
MF Flag_of_England.svg Josh King
12%
FW Flag_of_Zimbabwe.svg Marshall Munetsi
12%
DF Flag_of_the_Netherlands.svg Mats Wieffer
12%
DF Flag_of_Jamaica.svg Rico Henry
12%
WB Flag_of_Norway.svg David Møller Wolfe
8%
DF Flag_of_Sweden.svg Hjalmar Ekdal
8%
MF Flag_of_England.svg Jaidon Anthony
8%
DF Flag_of_the_Netherlands.svg Jenson Seelt
8%
WB Flag_of_the_Netherlands.svg Ki-Jana Hoever
8%
MF Flag_of_Denmark.svg Matt O'Riley
8%
MF Flag_of_Ukraine.svg Yehor Yarmoliuk
8%
MF Flag_of_the_Netherlands.svg Antoni Milambo
4%
MF Flag_of_Ireland.svg Josh Cullen
4%
MF Flag_of_England.svg Josh Laurent
4%
DF Flag_of_Peru.svg Oliver Sonne
4%
DF Flag_of_the_Netherlands.svg Quilindschy Hartman
4%
MF Flag_of_England.svg Tim Iroegbunam
4%
No matching quizzes found
Score Distribution
Percent of People with Each Score
Percentile by Number Answered
Your Score History
You have not taken this quiz